[Event "Pere Noel"]
[Site "Montreal CAN"]
[Date "1999.12.30"]
[Round "5"]
[White "Moss, Laurent"]
[Black "Roussel-Roozmon, Thomas"]
[Result "1/2-1/2"]
[WhiteElo "2087"]
[BlackElo "1925"]
[PlyCount "83"]
[GameId "2160767911741732"]
[EventDate "1999.12.26"]
[EventType "swiss"]
[EventRounds "5"]
[EventCountry "CAN"]

1. d4 Nf6 2. Nf3 e6 3. Bg5 h6 4. Bh4 c5 5. e3 Nc6 6. c3 d5 7. Nbd2 Bd6 8. e4 cxd4 9. cxd4 dxe4 10. Bxf6 Qxf6 11. Nxe4 Bb4+ 12. Nc3 O-O 13. a3 Ba5 14. Bb5 Rd8 15. Bxc6 bxc6 16. O-O Bxc3 17. bxc3 c5 18. Re1 Bb7 19. Ne5 Qg5 20. Nf3 Qf4 21. Re3 cxd4 22. cxd4 Bxf3 23. Rxf3 Qxd4 24. Qxd4 Rxd4 25. h3 Rad8 26. Rb1 Rd1+ 27. Rxd1 Rxd1+ 28. Kh2 Kf8 29. Rb3 Ke7 30. Rb7+ Rd7 31. Rb4 Kd6 32. Ra4 e5 33. Kg3 Ke6 34. Ra6+ Kf5 35. Kf3 h5 36. h4 f6 37. g3 Rb7 38. Ra4 Rb3+ 39. Kg2 Rb7 40. Kf3 Rb3+ 41. Kg2 Rb7 42. Kf3 1/2-1/2

[Event "Pere Noel"]
[Site "Montreal CAN"]
[Date "1999.12.30"]
[Round "5"]
[White "Plante, Michel"]
[Black "Neacsu, Catalin"]
[Result "1-0"]
[WhiteElo "1865"]
[BlackElo "2035"]
[PlyCount "63"]
[GameId "2160767911741733"]
[EventDate "1999.12.26"]
[EventType "swiss"]
[EventRounds "5"]
[EventCountry "CAN"]

1. d4 Nf6 2. Nf3 d5 3. e3 e6 4. Bd3 c5 5. b3 Qc7 6. O-O cxd4 7. exd4 Bd6 8. Bb2 b6 9. Qe2 O-O 10. Ne5 a5 11. a3 Ba6 12. c4 a4 13. Rc1 Qe7 14. b4 dxc4 15. Nxc4 Bxc4 16. Rxc4 Nd5 17. g3 Nd7 18. Nd2 N7f6 19. Rac1 h5 20. Nf3 g6 21. Ne5 Kg7 22. h4 Nd7 23. f4 f5 24. Nf3 Rfe8 25. Ng5 Nf8 26. Re1 Qb7 27. Qg2 Ra7 28. Rc2 Re7 29. Rce2 Qd7 30. Nxe6+ Rxe6 31. Qxd5 Rxe2 32. Rxe2 1-0

[Event "Pere Noel"]
[Site "Montreal CAN"]
[Date "1999.12.30"]
[Round "5"]
[White "Pnevmonidis, Pantelis"]
[Black "Vallieres, Mario"]
[Result "1/2-1/2"]
[WhiteElo "2152"]
[BlackElo "2021"]
[PlyCount "81"]
[GameId "2160767911741734"]
[EventDate "1999.12.26"]
[EventType "swiss"]
[EventRounds "5"]
[EventCountry "CAN"]

1. e4 Nf6 2. Nc3 d5 3. e5 d4 4. exf6 dxc3 5. fxg7 cxd2+ 6. Qxd2 Qxd2+ 7. Bxd2 Bxg7 8. O-O-O Be6 9. Kb1 Nd7 10. Ne2 O-O-O 11. Nf4 Bf5 12. Bd3 Bxd3 13. Nxd3 Nb6 14. Rhe1 e6 15. Bf4 Rd5 16. Be5 Rg8 17. Bxg7 Rxg7 18. g3 Nd7 19. Nf4 Rxd1+ 20. Rxd1 Rg5 21. Nd3 Rd5 22. Re1 Kd8 23. Kc1 Ke7 24. Kd2 Nc5 25. Re3 f6 26. Ke2 Nxd3 27. Rxd3 c6 28. Rb3 b6 29. Rb4 Rh5 30. Rg4 Kf7 31. Rd4 Ke7 32. h4 c5 33. Ra4 a5 34. Rg4 Kf7 35. a4 Rd5 36. Re4 f5 37. Re3 Kf6 38. f4 Rd4 39. Rb3 Rd6 40. Rd3 Rd5 41. Rb3 1/2-1/2

[Event "Pere Noel"]
[Site "Montreal CAN"]
[Date "1999.12.30"]
[Round "5"]
[White "Prahov, Valentin"]
[Black "Newman, Doug"]
[Result "1-0"]
[WhiteElo "2261"]
[BlackElo "1914"]
[PlyCount "71"]
[GameId "2160767911741735"]
[EventDate "1999.12.26"]
[EventType "swiss"]
[EventRounds "5"]
[EventCountry "CAN"]

1. e4 Nf6 2. e5 Nd5 3. d4 d6 4. Nf3 Bg4 5. Be2 e6 6. c4 Nb6 7. exd6 cxd6 8. h3 Bh5 9. O-O Be7 10. b3 O-O 11. Bb2 Bf6 12. Nc3 d5 13. c5 N6d7 14. b4 Bxf3 15. Bxf3 Nc6 16. Ne2 Nxb4 17. Qb3 Nc6 18. Qxb7 Na5 19. Qa6 Nc4 20. Bc3 Qc7 21. Rab1 Rab8 22. Rb3 e5 23. Bxd5 Rxb3 24. axb3 exd4 25. Bxd4 Bxd4 26. Nxd4 Nd2 27. Rc1 Qf4 28. Ne2 Qe5 29. Qd3 Nf6 30. Bxf7+ Rxf7 31. Qxd2 Ne4 32. Qe3 Rxf2 33. Nc3 Qf4 34. Qxe4 Qf8 35. Nd5 h6 36. Ne7+ 1-0

[Event "Pere Noel"]
[Site "Montreal CAN"]
[Date "1999.12.30"]
[Round "5"]
[White "Reddy, Tyler"]
[Black "Trottier, Yves"]
[Result "1/2-1/2"]
[WhiteElo "2119"]
[BlackElo "1960"]
[PlyCount "134"]
[GameId "2160767911741736"]
[EventDate "1999.12.26"]
[EventType "swiss"]
[EventRounds "5"]
[EventCountry "CAN"]

1. c4 e6 2. Nf3 d5 3. b3 Nf6 4. g3 Be7 5. Bg2 O-O 6. O-O c5 7. cxd5 exd5 8. d4 Nc6 9. dxc5 Bxc5 10. Ba3 Qe7 11. Bxc5 Qxc5 12. Nbd2 Re8 13. Rc1 Qa3 14. Re1 Qxa2 15. Ra1 Qb2 16. Nf1 Qc3 17. Ne3 Be6 18. Ra4 Qc5 19. Qb1 Ne4 20. Qd3 Nb4 21. Qd4 Qxd4 22. Nxd4 a5 23. Rc1 Rec8 24. Rxc8+ Bxc8 25. Ra1 Be6 26. Bxe4 dxe4 27. Nxe6 fxe6 28. Nc4 Nc6 29. Rd1 b5 30. Na3 b4 31. Nc4 Ne7 32. Rd4 Nd5 33. Rxe4 a4 34. bxa4 Rxa4 35. Rxe6 Kf7 36. Re5 Nc3 37. Ra5 b3 38. Rxa4 Nxa4 39. Nd2 b2 40. Nb1 Ke6 41. Kf1 Kd5 42. Ke1 Kc4 43. Kd2 Kb3 44. e4 Nb6 45. f4 Nc4+ 46. Kd3 Na3 47. Nd2+ Kb4 48. Kd4 Nb5+ 49. Kd3 Na3 50. e5 Kc5 51. Ke4 Kc6 52. f5 b1=Q+ 53. Nxb1 Nxb1 54. Kf4 Kd7 55. Kg5 Ke7 56. f6+ Kf7 57. fxg7 Kxg7 58. e6 Nc3 59. e7 Ne4+ 60. Kf5 Nf6 61. Ke6 h5 62. h3 Kg6 63. g4 hxg4 64. hxg4 Ne8 65. Kd7 Nf6+ 66. Kd6 Ne8+ 67. Ke6 Nf6 1/2-1/2

[Event "Pere Noel"]
[Site "Montreal CAN"]
[Date "1999.12.30"]
[Round "5"]
[White "Regnier, Alain"]
[Black "Mongeau, Diane"]
[Result "0-1"]
[WhiteElo "2124"]
[BlackElo "1963"]
[PlyCount "72"]
[GameId "2160767911741737"]
[EventDate "1999.12.26"]
[EventType "swiss"]
[EventRounds "5"]
[EventCountry "CAN"]

1. d4 d5 2. Nc3 Nf6 3. Bg5 e6 4. e4 dxe4 5. Nxe4 Be7 6. Bxf6 Bxf6 7. Nf3 Nd7 8. Bc4 c5 9. Qe2 O-O 10. O-O-O cxd4 11. Nxd4 Qb6 12. Nb5 a6 13. Nbc3 Qc7 14. h4 b5 15. Bd3 Bb7 16. Ng5 g6 17. Nce4 Bxe4 18. Nxe4 Qf4+ 19. Kb1 Rfd8 20. g3 Qe5 21. c3 Bg7 22. f4 Qc7 23. Bc2 Nc5 24. Ng5 a5 25. h5 b4 26. hxg6 hxg6 27. cxb4 axb4 28. Qc4 Rdc8 29. Rh4 Qa7 30. Rh7 b3 31. Rxg7+ Kxg7 32. Qd4+ Kf8 33. Qd6+ Kg8 34. Bxb3 Nxb3 35. a3 Qc5 36. Qd3 Nd4 0-1

[Event "Pere Noel U2000"]
[Site "Montreal CAN"]
[Date "1999.12.26"]
[Round "1"]
[White "Morin, Louis"]
[Black "Cardin, Guillaume"]
[Result "0-1"]
[WhiteElo "1913"]
[BlackElo "1707"]
[PlyCount "96"]
[GameId "2160767911741738"]
[EventDate "1999.12.26"]
[EventType "swiss"]
[EventRounds "5"]
[EventCountry "CAN"]
[SourceTitle "hb 2012"]

1. e4 e5 2. Nf3 Nc6 3. Bb5 a6 4. Bxc6 dxc6 5. O-O Qd6 6. d4 exd4 7. Qxd4 Qxd4 8. Nxd4 Nf6 9. e5 Nd5 10. Bd2 Bc5 11. Nb3 Be7 12. c4 Nb6 13. Na5 Be6 14. b3 O-O-O 15. a3 Rd3 16. Ra2 Nd7 17. f4 Nc5 18. Nc3 Bf5 19. Be1 Ne4 20. Nxe4 Bxe4 21. b4 c5 22. b5 b6 23. Nc6 Bxc6 24. bxc6 Rhd8 25. a4 a5 26. g3 R8d4 27. Rb2 Rxc4 28. f5 Re4 29. e6 fxe6 30. fxe6 Bd6 31. Kg2 Rde3 32. Bd2 Re2+ 33. Kf3 Rxe6 34. h4 R6e5 35. Kg4 R5e4+ 36. Kh3 Rxa4 37. Rf5 Re5 38. Rxe5 Bxe5 39. Rb3 Rd4 40. Re3 Rd5 41. Bc3 Bxc3 42. Rxc3 Rd6 43. Rf3 Rxc6 44. g4 c4 45. g5 c3 46. Rf1 c2 47. h5 c1=Q 48. Rxc1 Rxc1 0-1

[Event "Pere Noel U2000"]
[Site "Montreal CAN"]
[Date "1999.12.26"]
[Round "1"]
[White "Paz, Roman"]
[Black "Lacroix, Serge"]
[Result "1/2-1/2"]
[WhiteElo "1781"]
[BlackElo "1985"]
[PlyCount "100"]
[GameId "2160767911741739"]
[EventDate "1999.12.26"]
[EventType "swiss"]
[EventRounds "5"]
[EventCountry "CAN"]
[SourceTitle "Lacroix"]

1. d4 Nf6 2. c4 e6 3. Nf3 Bb4+ 4. Bd2 Qe7 5. a3 Bxd2+ 6. Nbxd2 d6 7. e4 e5 8. Bd3 c5 9. d5 O-O 10. Nf1 Nbd7 11. Ne3 g6 12. Qd2 Nh5 13. g4 Nf4 14. Bc2 Nf6 15. h3 Bd7 16. Ng1 b5 17. b3 bxc4 18. bxc4 Rfb8 19. Ne2 Rb6 20. f3 Nxe2 21. Kxe2 Rab8 22. Nd1 Kg7 23. Nc3 Rb2 24. Kd3 Ng8 25. h4 h6 26. Rab1 Qf6 27. Qe3 Qd8 28. g5 h5 29. f4 Qe7 30. Rxb2 Rxb2 31. Rf1 f5 32. gxf6+ Nxf6 33. f5 Ng4 34. Qc1 Rb7 35. Qg5 Qxg5 36. hxg5 Rb2 37. Bd1 Nf2+ 38. Ke3 Nxd1+ 39. Nxd1 Rb3+ 40. Kd2 Rxa3 41. Nc3 Ra6 42. f6+ Kf7 43. Nb5 Bxb5 44. cxb5 Ra3 45. Rb1 h4 46. b6 axb6 47. Rxb6 Rg3 48. Rb7+ Kf8 49. Rb8+ Kf7 50. Rb7+ Kf8 1/2-1/2

[Event "Pere Noel U2000"]
[Site "Montreal CAN"]
[Date "1999.12.27"]
[Round "2"]
[White "Paduano, Gennaro"]
[Black "Morin, Louis"]
[Result "1-0"]
[WhiteElo "1645"]
[BlackElo "1913"]
[PlyCount "137"]
[GameId "2160767911741740"]
[EventDate "1999.12.26"]
[EventType "swiss"]
[EventRounds "5"]
[EventCountry "CAN"]
[SourceTitle "hb 2013"]

1. Nf3 d5 2. g3 c5 3. Bg2 Nc6 4. d4 e6 5. O-O Nf6 6. c3 Be7 7. Nbd2 cxd4 8. cxd4 O-O 9. Re1 b6 10. e4 Nxe4 11. Nxe4 dxe4 12. Rxe4 Bb7 13. Re2 Bf6 14. Be3 Ne7 15. Bf4 Bd5 16. Be5 Nc6 17. Bxf6 gxf6 18. Rd2 Rc8 19. Nh4 Ne7 20. Rc1 Rxc1 21. Qxc1 Qd7 22. b3 Rc8 23. Qd1 Qc6 24. Bxd5 Nxd5 25. Ng2 Qc1 26. Ne1 Qxd1 27. Rxd1 Nc3 28. Rd2 Rd8 29. Nf3 Rd5 30. a4 b5 31. Rc2 b4 32. Rd2 Kf8 33. Kf1 Ke7 34. Ke1 Kd6 35. Ng1 Rh5 36. h4 Kd5 37. f3 Rf5 38. f4 Ke4 39. Kf2 Rd5 40. Nf3 a5 41. Rc2 Rd7 42. Rd2 Rc7 43. d5 Nxd5 44. g4 e5 45. fxe5 fxe5 46. Ng5+ Kf4 47. Rxd5 Rc3 48. Rxa5 Rxb3 49. Rb5 Rb2+ 50. Ke1 f6 51. Nxh7 e4 52. Nxf6 Rb1+ 53. Ke2 Rb2+ 54. Kd1 e3 55. Nd5+ Kf3 56. Nxe3 Kxe3 57. Kc1 Rb3 58. Kc2 Rc3+ 59. Kb2 Rc4 60. Kb3 Rxg4 61. Rxb4 Rg1 62. a5 Rg6 63. Kc4 Ke4 64. Kc5+ Ke5 65. Ra4 Rg8 66. a6 Rc8+ 67. Kb6 Kd6 68. a7 Rc6+ 69. Kb5 1-0

[Event "Pere Noel U2000"]
[Site "Montreal CAN"]
[Date "1999.12.27"]
[Round "2"]
[White "Petit, Raymond"]
[Black "Sauve, Richard"]
[Result "0-1"]
[WhiteElo "1865"]
[BlackElo "1787"]
[PlyCount "58"]
[GameId "2160767911741741"]
[EventDate "1999.12.26"]
[EventType "swiss"]
[EventRounds "5"]
[EventCountry "CAN"]

1. d4 Nf6 2. c4 e6 3. Nf3 Bb4+ 4. Bd2 c5 5. Bxb4 cxb4 6. g3 O-O 7. Bg2 d6 8. O-O Nc6 9. Qc2 e5 10. dxe5 dxe5 11. Nbd2 Bg4 12. Rad1 Qe7 13. Ne4 Rad8 14. Nxf6+ Qxf6 15. Rxd8 Rxd8 16. Rd1 Rxd1+ 17. Qxd1 e4 18. Ne1 Qxb2 19. f3 Be6 20. fxe4 Bxc4 21. e3 h6 22. Bf3 Bxa2 23. Qd7 Qc3 24. Kf2 Be6 25. Qxb7 b3 26. e5 Qd2+ 27. Be2 Bc4 28. Qc8+ Kh7 29. Qg4 Qxe2+ 0-1

[Event "Pere Noel U2000"]
[Site "Montreal CAN"]
[Date "1999.12.28"]
[Round "3"]
[White "Lacroix, Serge"]
[Black "Mathews, Theo"]
[Result "1/2-1/2"]
[WhiteElo "1985"]
[BlackElo "1645"]
[PlyCount "98"]
[GameId "2160767911741742"]
[EventDate "1999.12.26"]
[EventType "swiss"]
[EventRounds "5"]
[EventCountry "CAN"]
[SourceTitle "Lacroix"]

1. e4 e5 2. Nf3 Nc6 3. Bb5 d6 4. d4 Bd7 5. d5 Nb8 6. Bxd7+ Nxd7 7. c4 g6 8. Nc3 Nh6 9. O-O Bg7 10. h3 O-O 11. Be3 f6 12. Qd2 Nf7 13. Ne1 a6 14. Nd3 Qe7 15. b4 b6 16. Rac1 Rfc8 17. f3 Qf8 18. c5 bxc5 19. bxc5 dxc5 20. Na4 c4 21. Rxc4 Bh6 22. Bxh6 Nxh6 23. Nac5 Nb6 24. Rc2 Nf7 25. Ne6 Qe7 26. Rfc1 Ra7 27. Rc6 Na8 28. Qa5 Nd8 29. Rxa6 Rxa6 30. Qxa6 Rb8 31. Qa7 Rc8 32. Ndc5 Nxe6 33. Nxe6 Qb4 34. Qc5 Qd2 35. Rc2 Qd1+ 36. Kh2 Kf7 37. Qc6 Ke7 38. Rc1 Qd2 39. Qc2 Qxc2 40. Rxc2 c6 41. f4 Nb6 42. Rb2 Nd7 43. fxe5 cxd5 44. exd5 fxe5 45. Ng5 h6 46. d6+ Kf6 47. Ne4+ Kf5 48. Re2 Rc4 49. Ng3+ Ke6 1/2-1/2

[Event "Pere Noel U2000"]
[Site "Montreal CAN"]
[Date "1999.12.28"]
[Round "3"]
[White "Sauve, Richard"]
[Black "Masse, Hugues"]
[Result "1-0"]
[WhiteElo "1787"]
[BlackElo "1831"]
[PlyCount "51"]
[GameId "2160767911741743"]
[EventDate "1999.12.26"]
[EventType "swiss"]
[EventRounds "5"]
[EventCountry "CAN"]

1. d4 d5 2. c4 c6 3. Nc3 Nf6 4. Nf3 a6 5. cxd5 cxd5 6. Bf4 e6 7. e3 Be7 8. Bd3 Nbd7 9. O-O O-O 10. Rc1 Nh5 11. Qc2 Nxf4 12. exf4 Nf6 13. Ne5 Bd7 14. g4 g6 15. f5 gxf5 16. gxf5 Kh8 17. Kh1 Bd6 18. f4 Bxe5 19. fxe5 Ng4 20. f6 Bb5 21. Nxb5 axb5 22. Qe2 Rg8 23. Rf4 Nh6 24. Rh4 Rc8 25. Rf1 Qf8 26. Qh5 1-0

[Event "Pere Noel U2000"]
[Site "Montreal CAN"]
[Date "1999.12.29"]
[Round "4"]
[White "Forget, Luc"]
[Black "Paz, Roman"]
[Result "0-1"]
[WhiteElo "1851"]
[BlackElo "1781"]
[PlyCount "148"]
[GameId "2160767911741744"]
[EventDate "1999.12.26"]
[EventType "swiss"]
[EventRounds "5"]
[EventCountry "CAN"]

1. d4 Nf6 2. c4 e6 3. Nc3 Bb4 4. f3 d5 5. a3 Bxc3+ 6. bxc3 O-O 7. Bg5 c5 8. e3 Nc6 9. Bd3 dxc4 10. Bxc4 Qa5 11. Ne2 Nd5 12. Bxd5 exd5 13. O-O cxd4 14. exd4 b6 15. Bd2 Qb5 16. Nc1 Ba6 17. Rf2 Rfe8 18. a4 Qc4 19. Qb3 Re6 20. Qxc4 Bxc4 21. g3 Rae8 22. Kg2 Na5 23. Rb1 Ba6 24. Na2 Bd3 25. Rg1 Bc4 26. Nb4 Re2 27. Rgf1 Nb3 28. Bf4 R2e6 29. Rg1 f6 30. h4 a5 31. Nc2 b5 32. Na3 b4 33. Nxc4 dxc4 34. d5 Re2 35. cxb4 axb4 36. Bd6 Nd4 37. Bxb4 Nc2 38. Rxe2 Rxe2+ 39. Kf1 Re5 40. Bd2 Rxd5 41. Ke2 Nd4+ 42. Ke3 Nxf3 43. Kxf3 Rxd2 44. Ra1 c3 45. Ke3 Rg2 46. Kf3 Rb2 47. Rc1 c2 48. a5 Rb3+ 49. Kf4 Rb4+ 50. Kf3 Ra4 51. Rxc2 Rxa5 52. Rc7 Rf5+ 53. Kg2 Re5 54. Kf3 Kf8 55. g4 Re1 56. Rc8+ Kf7 57. Kf4 Ra1 58. Kf5 Ra5+ 59. Kf4 h5 60. Rc7+ Kg6 61. Rc4 hxg4 62. Kxg4 Ra8 63. Rc5 Ra1 64. Kf4 Kh6 65. h5 Rf1+ 66. Kg4 f5+ 67. Rxf5 Rxf5 68. Kxf5 Kxh5 69. Kf4 Kh4 70. Kf3 g5 71. Kg2 Kg4 72. Kg1 Kh3 73. Kh1 g4 74. Kg1 Kg3 0-1

[Event "Pere Noel U2000"]
[Site "Montreal CAN"]
[Date "1999.12.29"]
[Round "4"]
[White "Gulko, Andrei"]
[Black "Sauve, Richard"]
[Result "0-1"]
[WhiteElo "1956"]
[BlackElo "1865"]
[PlyCount "124"]
[GameId "2160767911741745"]
[EventDate "1999.12.26"]
[EventType "swiss"]
[EventRounds "5"]
[EventCountry "CAN"]

1. d4 Nf6 2. Bg5 Ne4 3. h4 c5 4. dxc5 Qa5+ 5. Nd2 Nxd2 6. Qxd2 Qxc5 7. Rh3 Nc6 8. e4 d6 9. Rc3 Qb4 10. O-O-O Be6 11. Kb1 h6 12. Be3 g6 13. Nf3 Qxe4 14. Bd3 Qa4 15. Ra3 Qg4 16. Nd4 Bg7 17. f3 Qxh4 18. Nxe6 fxe6 19. Bxg6+ Kd7 20. Rb3 Rab8 21. Be4 Qf6 22. Bxc6+ bxc6 23. Bxa7 Rxb3 24. cxb3 c5 25. Bxc5 Qf5+ 26. Qc2 Qxc2+ 27. Kxc2 Rc8 28. b4 Ke8 29. Kb3 dxc5 30. bxc5 Rxc5 31. Rd2 Rd5 32. Re2 Kd7 33. Kc4 Rd1 34. b4 Rb1 35. Rd2+ Kc7 36. Re2 Rb2 37. Rxe6 Bf6 38. g4 Rxa2 39. Re3 Rf2 40. Kd5 Kb6 41. Ke4 Bg5 42. Re1 Rb2 43. Ke5 Rxb4 44. Rd1 Rf4 45. Rd3 Kc5 46. Rc3+ Kb4 47. Rd3 Rc4 48. Ke6 Bf6 49. Rd5 Rf4 50. Rd3 Kc4 51. Ra3 Kd4 52. Rb3 Bg5 53. Ra3 Rf6+ 54. Kd7 Rd6+ 55. Ke8 Ke5 56. Ra5+ Rd5 57. Ra4 Rd4 58. Ra3 Kf4 59. Kf7 Rd6 60. Rb3 Kg3 61. Ke8 Rd4 62. Kf7 Rf4+ 0-1

[Event "Pere Noel U2000"]
[Site "Montreal CAN"]
[Date "1999.12.29"]
[Round "4"]
[White "Ouellet-Leveille, Bertrand"]
[Black "Lacroix, Serge"]
[Result "0-1"]
[WhiteElo "1584"]
[BlackElo "1985"]
[PlyCount "78"]
[GameId "2160767911741746"]
[EventDate "1999.12.26"]
[EventType "swiss"]
[EventRounds "5"]
[EventCountry "CAN"]
[SourceTitle "Lacroix"]

1. e4 e5 2. Nf3 Nc6 3. Bc4 Nf6 4. d4 exd4 5. O-O Nxe4 6. Re1 d5 7. Bb5 Be7 8. Nxd4 Bd7 9. c4 Nxd4 10. Bxd7+ Qxd7 11. Qxd4 Nd6 12. Bf4 O-O 13. Nc3 dxc4 14. Nd5 Rfe8 15. Re2 Bf8 16. Ne3 Re4 17. Qd5 Rxf4 18. Rc1 Re8 19. Rec2 c6 20. Qd2 Qe6 21. g3 Re4 22. Qa5 b5 23. Qxa7 Nf5 24. Nxf5 Qxf5 25. Qa5 Re1+ 26. Rxe1 Rxe1+ 27. Qxe1 Qxc2 28. Qa1 h5 29. Kg2 h4 30. a4 Qe2 31. gxh4 Qe4+ 32. Kg1 Qg4+ 33. Kf1 Qh3+ 34. Kg1 Bd6 35. Qe1 Qxh2+ 36. Kf1 Qh1+ 37. Ke2 Qxe1+ 38. Kxe1 Be5 39. Kd2 Bxb2 0-1

[Event "Pere Noel U2000"]
[Site "Montreal CAN"]
[Date "1999.12.30"]
[Round "5"]
[White "Martel, Hugo"]
[Black "Lacroix, Serge"]
[Result "0-1"]
[WhiteElo "1776"]
[BlackElo "1985"]
[PlyCount "54"]
[GameId "2160767911741747"]
[EventDate "1999.12.26"]
[EventType "swiss"]
[EventRounds "5"]
[EventCountry "CAN"]
[SourceTitle "Lacroix"]

1. e4 e5 2. Nf3 Nc6 3. Bb5 a6 4. Bxc6 dxc6 5. O-O f6 6. d4 Bg4 7. dxe5 Qxd1 8. Rxd1 fxe5 9. Rd3 Bd6 10. Bg5 Nf6 11. Nbd2 O-O 12. Re1 b5 13. h3 Be6 14. Bh4 Nh5 15. Nh2 Nf4 16. Rf3 Bb4 17. c3 Rad8 18. Bxd8 Rxd8 19. Nb3 Bd6 20. Rd1 Rf8 21. Nc1 c5 22. b3 c4 23. b4 a5 24. a3 axb4 25. axb4 Ra8 26. Nf1 Ra1 27. Ne3 Rxc1 0-1

[Event "Pere Noel U2000"]
[Site "Montreal CAN"]
[Date "1999.12.30"]
[Round "5"]
[White "Sauve, Richard"]
[Black "Paz, Roman"]
[Result "0-1"]
[WhiteElo "1865"]
[BlackElo "1781"]
[PlyCount "150"]
[GameId "2160767911741748"]
[EventDate "1999.12.26"]
[EventType "swiss"]
[EventRounds "5"]
[EventCountry "CAN"]

1. d4 Nf6 2. c4 e6 3. Nc3 Bb4 4. e3 b6 5. Nf3 Bb7 6. Bd3 Ne4 7. Bxe4 Bxe4 8. O-O Bb7 9. a3 Bxc3 10. bxc3 Qf6 11. Re1 O-O 12. e4 d6 13. Bg5 Qg6 14. d5 Nd7 15. Qd4 e5 16. Qe3 f6 17. Bh4 Qh5 18. Bg3 g5 19. Nd2 Nc5 20. f3 Bc8 21. Bf2 f5 22. Qe2 fxe4 23. Nxe4 Nxe4 24. fxe4 Qxe2 25. Rxe2 Ba6 26. Re3 Rf4 27. c5 Raf8 28. Ra2 bxc5 29. Rb2 Kg7 30. g3 R4f6 31. Kg2 Kg6 32. h3 Bc8 33. Be1 g4 34. hxg4 Ba6 35. a4 Kg5 36. a5 Kxg4 37. c4 Bxc4 38. Rb7 a6 39. Rxc7 R8f7 40. Rxf7 Rxf7 41. Rc3 Bf1+ 42. Kg1 Bb5 43. Kg2 Rf1 44. Re3 h5 45. Bc3 Rc1 46. Be1 Rc2+ 47. Kg1 Ra2 48. Bc3 Kh3 49. Be1 Rg2+ 50. Kh1 Re2 51. Rxe2 Bxe2 52. Kg1 Bf3 53. Kf2 Bxe4 54. Bd2 Bxd5 55. Bg5 Bc6 56. Be7 d5 57. Bxc5 Kg4 58. Bd6 Kf5 59. Ke3 Bb5 60. Bc7 d4+ 61. Kf3 Ba4 62. Ke2 Ke4 63. Kd2 Bb5 64. Bd6 d3 65. Bc7 Kf5 66. Ke3 e4 67. Bd6 Kg4 68. Bc7 Bc6 69. Bd6 Kh3 70. Be5 Kg2 71. Bf4 d2 72. Kxd2 Kf2 73. Kd1 e3 74. Kc2 e2 75. Bd2 e1=Q 0-1

[Event "Quebec Interclubs"]
[Site "CAN"]
[Date "1999.01.30"]
[Round "6"]
[White "Daigle, Gilles"]
[Black "Beauchamp, Jean-Pierre"]
[Result "0-1"]
[WhiteElo "1962"]
[BlackElo "2108"]
[PlyCount "80"]
[GameId "2160767911805711"]
[EventDate "1999.01.30"]
[EventType "team"]
[EventRounds "3"]
[EventCountry "CAN"]

1. e4 c5 2. Nf3 Nc6 3. d4 cxd4 4. Nxd4 Nf6 5. Nc3 e5 6. Ndb5 d6 7. Bg5 a6 8. Bxf6 gxf6 9. Na3 b5 10. Nd5 f5 11. exf5 Bxf5 12. Qf3 Nd4 13. Nc7+ Qxc7 14. Qxa8+ Ke7 15. c3 Qa5 16. Qb7+ Kf6 17. Qd5 Be6 18. Qe4 Bh6 19. Rd1 d5 20. Qh4+ Bg5 21. Qh5 b4 22. h4 Bf4 23. cxd4 bxa3+ 24. Ke2 e4 25. g3 Qb5+ 26. Ke1 Qb4+ 27. Ke2 Qxb2+ 28. Ke1 Qc3+ 29. Ke2 Rb8 30. Bh3 Rb2+ 31. Kf1 Rxf2+ 32. Kxf2 Qxg3+ 33. Ke2 Qe3+ 34. Kf1 Bxh3+ 35. Rxh3 Qxh3+ 36. Kf2 Bg3+ 37. Ke3 Bxh4+ 38. Kd2 Qd3+ 39. Kc1 Qc3+ 40. Kb1 Qb2# 0-1

[Event "Quebec op"]
[Site "Montreal CAN"]
[Date "1999.07.24"]
[Round "1"]
[White "Baiguildine, Ilias"]
[Black "Moss, Laurent"]
[Result "0-1"]
[WhiteElo "2331"]
[BlackElo "1943"]
[PlyCount "55"]
[GameId "2160767911742776"]
[EventDate "1999.07.24"]
[EventType "swiss"]
[EventRounds "9"]
[EventCountry "CAN"]

1. e4 c5 2. Nf3 d6 3. d4 cxd4 4. Nxd4 Nf6 5. Nc3 g6 6. f4 Nbd7 7. Qf3 Bg7 8. Be3 a6 9. O-O-O Qc7 10. Nb3 O-O 11. g4 b5 12. g5 Nh5 13. Nd5 Qd8 14. e5 dxe5 15. Bc5 Nxc5 16. Nxc5 Bf5 17. Nf6+ exf6 18. Rxd8 Rfxd8 19. Bd3 Rac8 20. Bxf5 Rxc5 21. gxf6 Bh6 22. Kb1 Bxf4 23. Qb7 Rcd5 24. a4 Nxf6 25. Bd3 e4 26. Be2 Rd2 27. Qxa6 Nd5 28. Bxb5 0-1

[Event "Quebec op"]
[Site "Montreal CAN"]
[Date "1999.07.24"]
[Round "1"]
[White "Burnett, Ronald"]
[Black "Glinert, Stephen"]
[Result "1/2-1/2"]
[WhiteElo "2423"]
[BlackElo "2191"]
[PlyCount "111"]
[GameId "2160767911742778"]
[EventDate "1999.07.24"]
[EventType "swiss"]
[EventRounds "9"]
[EventCountry "CAN"]
[SourceTitle "EXT 2000"]
[Source "ChessBase"]
[SourceDate "1999.11.18"]
[SourceVersion "1"]
[SourceVersionDate "1999.11.18"]
[SourceQuality "1"]

1. e4 d6 2. d4 Nf6 3. Nc3 g6 4. Nf3 Bg7 5. h3 O-O 6. Be3 c6 7. a4 d5 8. Bd3 dxe4 9. Nxe4 Nxe4 10. Bxe4 Nd7 11. c3 e5 12. O-O exd4 13. Nxd4 Nc5 14. Bf3 Ne6 15. Nb3 Qc7 16. a5 Be5 17. Ra4 Bd7 18. Re1 c5 19. Ra1 Rad8 20. Qe2 Nf4 21. Qf1 b5 22. axb6 axb6 23. Nd2 Bf5 24. Ne4 Nd3 25. Re2 Bg7 26. Ng3 Be6 27. Bg5 Rd7 28. Rd2 Ne5 29. Be2 Rxd2 30. Bxd2 Bd5 31. f4 Nc6 32. Bf3 Ne7 33. Re1 Rd8 34. Bc1 Bxf3 35. Qxf3 Nd5 36. Rd1 Nf6 37. Rxd8+ Qxd8 38. f5 Qe8 39. Bg5 Nd7 40. Ne4 Qe5 41. g4 Qd5 42. Nd2 Qxf3 43. Nxf3 b5 44. Kf2 Nb6 45. Be3 Na4 46. Bc1 c4 47. Ne1 Nc5 48. Ke2 Kf8 49. Bg5 Ke8 50. Nc2 Kd7 51. f6 Bf8 52. Nd4 Ne4 53. Bh4 b4 54. cxb4 Bxb4 55. Ke3 c3 56. bxc3 1/2-1/2

[Event "Quebec op"]
[Site "Montreal CAN"]
[Date "1999.07.24"]
[Round "1"]
[White "Elfert, Aleksandr"]
[Black "Hebert, Jean"]
[Result "0-1"]
[WhiteElo "2380"]
[BlackElo "2454"]
[PlyCount "62"]
[GameId "2160767911742779"]
[EventDate "1999.07.24"]
[EventType "swiss"]
[EventRounds "9"]
[EventCountry "CAN"]
[SourceTitle "EXT 2000"]
[Source "ChessBase"]
[SourceDate "1999.11.18"]
[SourceVersion "1"]
[SourceVersionDate "1999.11.18"]
[SourceQuality "1"]

1. c4 Nf6 2. Nf3 g6 3. b3 Bg7 4. Bb2 O-O 5. e3 c5 6. Be2 b6 7. Qc2 Bb7 8. Nc3 Nc6 9. a3 e6 10. Rd1 Rc8 11. O-O d5 12. d4 cxd4 13. exd4 Na5 14. c5 Qe7 15. b4 Nc4 16. Rfe1 Nxb2 17. Qxb2 Ne4 18. Bd3 f5 19. Bb1 g5 20. Ba2 g4 21. Nd2 Nxf2 22. Nxd5 Qh4 23. Nf4 g3 24. hxg3 Qxg3 25. Nf1 Nxd1 26. Nxg3 Nxb2 27. Nxe6 Bf6 28. Nh5 Kh8 29. d5 bxc5 30. bxc5 Nd3 31. Rb1 Nxc5 0-1

[Event "Quebec op"]
[Site "Montreal CAN"]
[Date "1999.07.24"]
[Round "1"]
[White "Khassanov, Marat"]
[Black "Miezis, Normunds"]
[Result "1-0"]
[WhiteElo "2367"]
[BlackElo "2524"]
[PlyCount "71"]
[GameId "2160767911742780"]
[EventDate "1999.07.24"]
[EventType "swiss"]
[EventRounds "9"]
[EventCountry "CAN"]
[SourceTitle "EXT 2000"]
[Source "ChessBase"]
[SourceDate "1999.11.18"]
[SourceVersion "1"]
[SourceVersionDate "1999.11.18"]
[SourceQuality "1"]

1. e4 c5 2. c4 Nc6 3. Nc3 g6 4. g3 Bg7 5. Bg2 d6 6. Nge2 h5 7. d3 h4 8. O-O hxg3 9. hxg3 Nf6 10. Bg5 Rh5 11. Qd2 Ne5 12. Nd5 Nxd5 13. cxd5 Qb6 14. Bf4 Bd7 15. Rab1 a5 16. Rfc1 Bg4 17. Qe3 Kd7 18. f3 Bh3 19. g4 Rh4 20. Bg3 Rh7 21. Bxh3 Rxh3 22. Kg2 Rah8 23. b4 axb4 24. d4 Qa6 25. dxe5 Bxe5 26. f4 Bg7 27. e5 Qxa2 28. Qd3 g5 29. Rxb4 Rxg3+ 30. Kxg3 gxf4+ 31. Kg2 Bxe5 32. Rxb7+ Kc8 33. Rcb1 f3+ 34. Qxf3 Qa8 35. Qb3 Rh2+ 36. Kg1 1-0